[Event "ICS rated blitz match"]
[Site "204.178.125.65"]
[Date "1999.08.18"]
[Round "?"]
[White "Hossa"]
[Black "DoctorWho"]
[Result "0-1"]
[WhiteElo "2430"]
[BlackElo "2646"]
[PlyCount "104"]
[EventDate "1999.??.??"]

1. d4 Nf6 2. c4 e6 3. Nc3 Bb4 4. Bg5 h6 5. Bh4 c5 6. d5 d6 7. Rc1 e5 8. f3 Nbd7
9. e4 O-O 10. Bd3 b6 11. Nge2 Ba6 12. O-O Kh8 13. Bf2 Nh5 14. Qa4 Bb7 15. Nb5
Nb8 16. a3 Bd2 17. Rcd1 Bg5 18. b4 a6 19. Nbc3 Nd7 20. Rb1 cxb4 21. Qxb4 a5 22.
Qxd6 Be7 23. Bxb6 Nxb6 24. Qxe5 Bc5+ 25. Kh1 Nf6 26. Na4 Re8 27. Qb2 Nxa4 28.
Qxb7 Nd7 29. Qc6 Ne5 30. Qxa4 Nxd3 31. g3 Qe7 32. Qc2 Ne5 33. a4 Rac8 34. f4
Ng4 35. e5 Ne3 36. Qd2 Nxf1 37. Rxf1 Bb4 38. Qd3 Qd7 39. Ra1 Qh3 40. Ng1 Qg4
41. Rc1 Qd7 42. Qd1 Bc5 43. Nf3 Rb8 44. Nd2 Qh3 45. Qf3 Rb2 46. Rd1 Ra2 47. Qe2
Rb8 48. Rc1 Rbb2 49. Qg2 Qf5 50. Re1 Rxd2 51. d6 Rxg2 52. Rc1 52... Rxh2# {
Hossa checkmated} 0-1

[Event "ICS rated blitz match"]
[Site "204.178.125.65"]
[Date "1999.08.18"]
[Round "?"]
[White "Hossa"]
[Black "Panthee"]
[Result "1-0"]
[WhiteElo "2428"]
[BlackElo "2138"]
[Annotator "saj"]
[PlyCount "105"]
[EventDate "1999.??.??"]

1. e4 c5 2. Nf3 d6 3. d4 cxd4 4. Nxd4 e6 5. Nc3 a6 6. Bc4 Nf6 7. Nde2 $146 ({RR
} 7. f3 7... Be7 ({RR} 7... Qc7 8. Bb3 Be7 9. Bg5 h6 10. Be3 Nc6 11. Qd2 Nxd4
12. Bxd4 b5 13. O-O Bb7 14. Rad1 Rd8 15. Qe3 Rc8 16. Kh1 O-O 17. e5 dxe5 18.
Bxe5 Qc6 19. Qf4 Rcd8 20. Qg3 Qc5 21. Qe1 Rxd1 22. Nxd1 {
Papapostolou,C-Rego,F/La Habana 1966/EXT 99/1-0 (40)}) 8. Bb3 ({RR} 8. Be3 8...
Nbd7 ({RR} 8... Qc7 9. Bd3 Nbd7 10. O-O Ne5 11. Rc1 Nc4 12. Bxc4 Qxc4 13. Qd2
Bd7 14. b3 Qc7 15. Nd1 d5 16. exd5 Nxd5 17. Kh1 Ba3 18. Rb1 Bb4 19. Qe2 O-O 20.
c4 Nxe3 21. Nxe3 Bd6 22. g3 Bc5 23. Rbd1 {
Bukhari,M-Powell,J/Luzern 1982/EXT 97-B/0-1 (44)}) 9. Qe2 Ne5 10. Bb3 Qc7 11.
g4 b5 12. O-O-O Bb7 13. Rhg1 Rc8 14. g5 Nfd7 15. Kb1 Nc4 16. Bc1 Ndb6 17. f4
Na5 18. Bxe6 fxe6 19. Nxe6 Qc4 20. Nxg7+ Kf8 21. Qxc4 Naxc4 22. Nf5 b4 23. Nd5
Nxd5 24. exd5 Nb6 25. Rge1 Re8 26. Re4 a5 27. Red4 Nd7 28. b3 Nc5 29. a3 bxa3
30. Bxa3 Kf7 31. h4 Rc8 32. Nh6+ Ke8 33. f5 Kd7 34. f6 Bf8 35. Nf5 Rb8 36. Bc1
Na6 37. h5 Nb4 38. c4 Ba6 39. f7 Rb6 40. Bb2 Be7 41. Nxe7 Kxe7 42. Re4+ Kxf7
43. Rf1+ {
1-0 Ratna Sulista,M-Nguyen Thi Thuan Hoa/Genting Highlands 1998/EXT 99 (43)})
8... Nbd7 9. a3 O-O 10. Be3 Nc5 11. Ba2 Qc7 12. O-O b5 13. Nce2 Bd7 14. b4 Na4
15. Qd2 Nb6 16. c3 Nc4 17. Bxc4 Qxc4 18. Bf2 Rfc8 19. Nc2 Qc7 20. Ne3 a5 21.
Rfc1 Qb7 22. Nd4 g6 23. Nb3 axb4 24. axb4 Rxa1 25. Rxa1 d5 26. e5 Ne8 27. Ng4
f6 28. Nc5 fxe5 29. Nxb7 d4 30. Nc5 {1-0 Wilson,B-Burns,M/SCO-chT1 1994/TD (30)
}) ({RR} 7. Nb3 7... Nbd7 8. f4 Nc5 9. Qf3 Be7 10. f5 O-O 11. O-O Kh8 12. Be3
Nfd7 13. Qh3 Ne5 14. fxe6 Nxb3 15. axb3 fxe6 16. Bxe6 Rxf1+ 17. Rxf1 Qg8 18.
Nd5 Bxe6 19. Nxe7 Bxh3 20. Nxg8 Bxg2 21. Kxg2 Kxg8 22. Rd1 Nf7 23. Bf4 Re8 24.
Kf3 g5 25. Rg1 h6 26. h4 Rc8 27. hxg5 hxg5 28. c4 Rc5 29. Be3 Re5 30. Bd4 Re6
31. Rh1 Nh6 32. Rh5 Nf7 33. b4 Rg6 34. b3 Kf8 35. Rh1 Ke7 36. Kg4 Ke6 37. Rh7
Rg8 38. Bc3 Ne5+ 39. Bxe5 Kxe5 40. Rxb7 Kxe4 41. Rb6 Kd4 42. Rxd6+ Kc3 43. Rxa6
43... Kxb3 {- Sulskis,S-Loskutov,O/St.Petersburg 1995/EXT 97 (43)}) 7... Be7 8.
a4 O-O 9. O-O Nc6 10. Bb3 Qc7 11. f3 Na5 12. Be3 Nc4 13. Bxc4 Qxc4 14. Qd3 Qc7
15. Nf4 b6 16. Rad1 Bb7 17. Rfe1 Rfd8 18. Qd4 Nd7 19. Nh5 Bf8 20. Ng3 Rab8 21.
Rd2 Bc6 22. Bg5 Rdc8 23. Nge2 b5 24. axb5 axb5 25. Ra1 Ra8 26. Rdd1 d5 27. Bf4
Qb7 28. Rxa8 Bc5 29. Rxc8+ Qxc8 30. exd5 Bxd4+ 31. Nxd4 Bxd5 32. Ndxb5 Nf6 33.
Be5 h6 34. Bxf6 gxf6 35. Nxd5 exd5 36. Nd4 Qc5 37. c3 f5 38. Re1 f4 39. Kf1 Qb6
40. Re2 Qa6 41. Kf2 Qd3 42. Nc6 Kg7 43. Nb4 Qc4 44. Rd2 Qb3 45. Nxd5 Qc4 46. b4
Qb3 47. Ke2 Qc4+ 48. Ke1 h5 49. Kf2 h4 50. Ke1 h3 51. gxh3 Kg8 52. h4 Qc8 53.
Ne7+ {Panthee resigns} 1-0

[Event "ICS Rated blitz match"]
[Site "204.178.125.65"]
[Date "1999.08.18"]
[Round "?"]
[White "Panthee"]
[Black "Hossa"]
[Result "0-1"]
[WhiteElo "2133"]
[BlackElo "2433"]
[PlyCount "46"]
[EventDate "1999.??.??"]

1. e4 e5 2. Nf3 Nc6 3. Bb5 a6 4. Ba4 b5 5. Bb3 Bb7 6. O-O Nf6 7. Re1 Be7 8. c3
O-O 9. d4 exd4 10. cxd4 d5 11. e5 Ne4 12. Nc3 Bb4 13. Bd2 Nxd2 14. Qxd2 Na5 15.
Rac1 Nxb3 16. axb3 c5 17. dxc5 Rc8 18. Nd4 Bxc5 19. e6 fxe6 20. Rxe6 Qh4 21.
Nf3 Qg4 22. Qe2 Rxf3 23. Qxf3 23... Qxe6 {Panthee resigns} 0-1

[Event "ICS Rated blitz match"]
[Site "204.178.125.65"]
[Date "1999.08.18"]
[Round "?"]
[White "Hossa"]
[Black "Panthee"]
[Result "1-0"]
[WhiteElo "2438"]
[BlackElo "2128"]
[Annotator "Fritz 5.32 (15s)"]
[PlyCount "29"]
[EventDate "1999.??.??"]

1. e4 1... c5 {Opening = 6.---} 2. Nf3 e6 3. d4 cxd4 4. Nxd4 Nf6 5. Nc3 d6 6.
Bb5+ Nbd7 7. Bg5 (7. f4 a6 8. Bxd7+ Qxd7 9. g4 d5 10. e5 Ne4 11. Nxe4 dxe4 12.
Be3 Qd5 13. Nb3 Qc4 14. Qe2 Qa4 15. O-O-O Be7 16. Kb1 Qc6 17. Rhf1 O-O 18. f5
f6 19. exf6 Bxf6 20. g5 Be5 21. Bd4 Bc7 22. f6 e5 23. fxg7 Rf4 24. Rxf4 exf4
25. Nc5 e3 26. Qc4+ Be6 27. Qxe6+ Qxe6 28. Nxe6 e2 29. Re1 f3 30. Bf2 {
1-0 Velimirovic,D-Hulak,K/Sarajevo 1984/MCD (30)}) 7... Be7 8. Bxd7+ $146 (8.
f4 h6 9. Bxf6 Bxf6 10. Qd3 O-O 11. O-O-O Nc5 12. Qd2 a6 13. Be2 Qc7 14. Bf3 Rb8
15. g4 b5 16. Kb1 Bb7 17. Qe3 Rfc8 18. Rd2 Na4 19. Nce2 e5 20. fxe5 20... dxe5
{0-1 Hamberger,H-Cvitan,O/Oberwart 1996/CBM 53 ext (20)}) (8. Qd2 O-O (8... a6
9. Bxd7+ Qxd7 10. O-O-O b5 11. a3 Bb7 12. Rhe1 Rc8 13. f4 h6 14. Bh4 Nxe4 15.
Nxe4 Bxh4 16. Nf5 Bxe1 17. Nfxd6+ Kf8 18. Qxe1 Bd5 19. Nxc8 Qxc8 20. Qa5 Kg8
21. Nc3 Kh7 22. Nxd5 exd5 23. Rxd5 23... Qc4 {
- Clementsson,J-Eriksson,M/Helsingborg 1991/EXT 97 (23)}) 9. Bxd7 Bxd7 10.
O-O-O b5 11. Bxf6 Bxf6 12. Kb1 b4 13. Nce2 a5 14. f4 Qb8 15. g4 a4 16. g5 Bd8
17. f5 e5 18. Nf3 Bc6 19. Ng3 b3 20. cxb3 axb3 21. a3 Qb7 22. Qd3 22... Ra4 {
Siekaczynski,R-Sulskis,S/Warsaw 1992/CBM 28 ext/1-0 (40)}) 8... Bxd7 9. O-O O-O
10. Qd3 a6 11. Rad1 Qc7 12. Nde2 12... Rac8 $2 $18 (12... Bb5 $142 {
damit waere Schwarz im Spiel geblieben} 13. Nxb5 13... axb5 $11) 13. e5 13...
Nd5 $4 {damit ist die Partie vorbei} (13... dxe5 14. Bxf6 Bxf6 15. Qxd7 15...
Qb6 $18) 14. Bxe7 $1 {entscheidend} (14. Nxd5 $6 {ist klar schwaecher} 14...
exd5 15. Bxe7 Bb5 16. exd6 Bxd3 17. dxc7 Bxe2 18. Rxd5 Rxc7 19. Bxf8 19... Kxf8
$18) 14... Nxe7 (14... dxe5 {lenkt den Gegner vielleicht noch ab} 15. Bxf8 Rxf8
16. Nxd5 exd5 17. Qxd5 17... Be6 $18) 15. exd6 (15. exd6 Qc5 16. dxe7 Qxe7 17.
Qxd7 Qxd7 18. Rxd7 $18) (15. Qxd6 $6 15... Bc6 $16) 1-0

[Event "ICS Rated blitz match"]
[Site "204.178.125.65"]
[Date "1999.08.18"]
[Round "?"]
[White "Panthee"]
[Black "Hossa"]
[Result "0-1"]
[WhiteElo "2123"]
[BlackElo "2443"]
[Annotator "Fritz 5.32 (15s)"]
[PlyCount "38"]
[EventDate "1999.??.??"]

1. e4 1... e5 {Opening = C57 - 4.Ng5 d5 5.ed5 ---)} 2. Nf3 Nc6 3. Bc4 Nf6 4.
Ng5 d5 5. exd5 Nxd5 6. d4 exd4 7. O-O 7... f6 $146 (7... Bf5 8. Qf3 Nce7 9. Re1
Qd7 10. Bxd5 O-O-O 11. Bxb7+ Kb8 12. Qb3 Qd6 13. Bc6+ {
1-0 Sandvik,T-Martikainen,J/FIN 1997/EXT 99 (13)}) (7... Be6 8. Re1 {
1-0 Sepp,O-Vaatainen,T/Vantaa 1993/EXT 99 (8)}) (7... Bc5 8. Nxf7 Kxf7 9. Qh5+
g6 10. Bxd5+ Kg7 11. Qh6+ Kf6 12. Bg5+ Ke5 13. Bxd8 Kxd5 14. Qg5+ Bf5 15. Bf6
h6 16. Qd2 Rhf8 17. Bg7 17... Bb4 {
1-0 Borosova,Z-Seppern,M/Tallinn 1997/EXT 98 (17)}) (7... Be7 8. Nxf7 Kxf7 9.
Qh5+ Kf8 10. Bxd5 Qe8 11. Qf3+ Bf6 12. Bg5 Ne5 13. Qf4 Ng6 14. Qf3 14... Ne5 {
- Perschke,L-Pomorska,K/POL-chTJ 1996/EXT 99 (14)}) 8. Re1+ Be7 9. Ne6 $17 (9.
Nc3 dxc3 10. Bxd5 $14) 9... Bxe6 10. Rxe6 10... Nb6 $15 (10... Ne5 11. Bb3 $15)
11. Bb5 O-O 12. Bxc6 bxc6 13. Rxc6 Qd5 14. Qf3 (14. Rxc7 $2 {
wird widerlegt durch} 14... Bd6 15. c4 15... Qe5 $19) 14... Qxf3 {
Mit der Mattdrohung Qd1} 15. gxf3 Nd5 16. Nd2 Rfb8 17. Nb3 Rb4 18. Bd2 Ra4 19.
Nc5 $2 $19 (19. a3 $15 $142 {und Weiss spielt mit}) 19... Rc4 (19... Rc4 20. b4
20... a5 $19) 0-1

[Event "ICS Rated blitz match"]
[Site "204.178.125.65"]
[Date "1999.08.18"]
[Round "?"]
[White "Hossa"]
[Black "Panthee"]
[Result "1-0"]
[WhiteElo "2447"]
[BlackElo "2119"]
[Annotator "Fritz 5.32 (15s)"]
[PlyCount "53"]
[EventDate "1999.??.??"]

1. b3 1... e5 {Opening = A01 - 1.b3} 2. Bb2 Nc6 3. e3 d5 4. d4 (4. Nf3 Bd6 5.
d4 exd4 6. Nxd4 Nf6 7. Bb5 Bd7 8. Qf3 Ne5 9. Bxd7+ Qxd7 10. Qf5 Qe7 11. Nb5 O-O
12. Nxd6 cxd6 13. Nd2 Rac8 14. Rc1 Rc5 15. O-O Rfc8 16. Bd4 R5c6 17. f4 Ned7
18. c3 18... a6 {Gonzalez,J-Chandler,M/Dubai 1986/TD/0-1 (49)}) 4... e4 5. Nd2
$146 (5. c4 Nce7 (5... Nf6 6. Nc3 Bg4 7. f3 exf3 8. Nxf3 Bb4 9. a3 Bxc3+ 10.
Bxc3 Qe7 11. Qc1 O-O 12. h3 Bh5 13. Be2 Rfe8 14. Bd2 Ne4 15. cxd5 Bxf3 16. Bxf3
Qh4+ 17. Kd1 Nf2+ 18. Kc2 Nxh1 19. dxc6 Nf2 20. cxb7 Rab8 21. Be1 Qg3 22. Kc3
c5 23. Qd2 cxd4+ 24. Qxd4 Qc7+ 25. Kb2 25... Red8 {
- Macak,S-Kalata,P/Zilina 1997/EXT 99 (25)}) 6. cxd5 Nxd5 7. Nc3 Ngf6 8. Nge2
c6 9. Nxd5 cxd5 10. Nc3 a6 11. Be2 Bd6 12. f4 exf3 13. Bxf3 Qc7 14. Rc1 Bxh2
15. Ne4 Bg3+ 16. Kf1 dxe4 17. Rxc7 Bxc7 18. Be2 Nd5 19. Kf2 Be6 20. Qc2 f5 21.
Bh5+ Kd7 22. Ba3 Rac8 23. Qe2 g6 24. g4 f4 25. g5 gxh5 26. Qxh5 Nxe3 27. d5
Bxd5 28. Rc1 Be5 29. Rxc8 Kxc8 30. Qh3+ Kc7 31. Ke2 Bd4 32. Bc1 f3+ 33. Ke1
Ng2+ 34. Kf1 Bc6 35. a4 Kb8 36. Qf5 36... e3 {
0-1 Alonso,J-Papacek,S/St.Cugat 1994/EXT 98 (36)}) 5... Nce7 6. c4 {
Nimzowitsch: Bauernketten von der Basis aufrollen} 6... c6 7. Rc1 f5 8. cxd5
cxd5 (8... Nxd5 9. Qc2 $11) 9. Bb5+ Bd7 10. Bxd7+ Qxd7 11. Ne2 Nf6 12. f3 {
Ueberdeckt g4} 12... Nc6 13. fxe4 fxe4 14. Nc3 14... a6 $11 {Kontrolliert b5} (
14... Nb4 15. O-O $15) 15. Na4 Qe6 16. O-O Bd6 17. Nb6 $17 (17. Nc5 17... Qf7
$15) 17... Rd8 {Mit der Idee Ng4} 18. Qe2 18... O-O $15 (18... Nb4 $5 $17) 19.
Bc3 Ng4 20. h3 Nh6 21. Qh5 $17 (21. Na4 $5 $15) 21... Bb8 $11 (21... Nb4 $5
$142 22. Na4 22... Nxa2 $19) 22. Rxf8+ Kxf8 23. Qg5 $17 (23. Na4 $5 $11) 23...
Qd6 24. Nf1 Ne7 25. Na4 25... Kg8 $14 (25... b6 $5 $15) 26. Nc5 26... Qc7 $4
$18 {und der Gewinn ist perdu} (26... Nf7 $142 {
nur damit konnte man noch auf Rettung hoffen} 27. Qg4 27... Nh6 $11) 27. Ne6 {
Es droht Matt} (27. Ne6 Nc6 28. Nxc7 Bxc7 29. Ng3 $18) 1-0

[Event "ICS Rated blitz match"]
[Site "204.178.125.65"]
[Date "1999.08.18"]
[Round "?"]
[White "Panthee"]
[Black "Hossa"]
[Result "0-1"]
[WhiteElo "2115"]
[BlackElo "2451"]
[Annotator "Fritz 5.32 (15s)"]
[PlyCount "20"]
[EventDate "1999.??.??"]

1. e4 1... e5 {Opening = C35 - 3.Nf3 Be7} 2. f4 exf4 3. Nf3 Be7 4. Nc3 Bh4+ 5.
Ke2 5... f5 {Schwarz fuehrt die Partie kraftvoll zu Ende} (5... Be7 6. d4 Nf6
7. Bxf4 d5 8. Nxd5 Nxd5 9. exd5 Qxd5 10. Kf2 Qd8 11. Bc4 O-O 12. Re1 Bg4 13.
Bb3 Bxf3 14. Qxf3 Qxd4+ 15. Kf1 Nc6 16. Rad1 Qxb2 17. Rd7 Qf6 18. Bxc7 Qxf3+
19. gxf3 Bb4 20. Re4 {Balashov,Y-Agzamov,G/Moscow 1983/URS-ch/1-0 (63)}) (5...
c6 6. d4 d5 7. Bxf4 Bg4 8. Qd3 Ne7 9. g3 Ng6 10. Bxb8 Rxb8 11. Kf2 Bf6 12. exd5
O-O 13. Bg2 cxd5 14. Rhe1 Qd6 15. Kg1 Rfe8 16. Kh1 h5 17. Rxe8+ Rxe8 18. Qb5
Re3 19. Rf1 Qc6 20. Qa5 Qc4 21. Nd2 Qxd4 22. Nb3 Qc4 23. Nxd5 Re6 24. Nxf6+
gxf6 25. Qd2 Kg7 26. Nd4 {- David,A-Hebden,M/Isle of Man 1997/EXT 99 (26)}) 6.
d4 $17 (6. d3 $5 $11 $142 {sieht spielbar aus} 6... d6 7. Bxf4 Be6 8. exf5 Bxf5
9. Kd2 Bf6 10. h3 Nc6 11. g4 Bg6 12. Bg2 Nge7 13. Rf1 O-O 14. Ng5 Nd4 15. Nce4
Nec6 16. c3 Bxe4 17. Nxe4 Ne6 18. Qb3 Qd7 19. Rae1 Kh8 20. Bg3 20... Be5 {
Ruckes,C-Eg,K/Wiesbaden 1994/GER/1-0 (36)}) 6... fxe4 7. Nxe4 d5 8. Nc3 $4 $19
{und es geht weiter bergab} (8. Nf2 $142 8... Qe7+ 9. Ne5 $17) 8... Qe7+ 9. Kd3
Bf5+ 10. Kd2 (10. Ne4 {wuerde die Partie noch etwas verlaengern} 10... dxe4+
11. Kc4 $19) 10... Qe3# 0-1

[Event "ICS rated blitz match"]
[Site "204.178.125.65"]
[Date "1999.08.18"]
[Round "?"]
[White "Hossa"]
[Black "Panthee"]
[Result "1-0"]
[WhiteElo "2455"]
[BlackElo "2111"]
[Annotator "Fritz 5.32 (15s)"]
[PlyCount "5"]
[EventDate "1999.??.??"]

1. b3 1... e5 {Opening = A01 - 1.b3} 2. Bb2 2... d5 $14 (2... d6 3. d4 (3. d4
Nd7 4. Nd2 Ne7 5. Ngf3 Nc6 6. e3 Be7 7. Bb5 Bf6 8. Bxc6 bxc6 9. dxe5 Nxe5 10.
Nxe5 Bxe5 11. Bxe5 dxe5 12. Qh5 Qe7 13. O-O O-O 14. Qf3 Bd7 15. Nc4 {
- Cafferty,B-Penrose,J/Blackpool 1971/EXT 99 (15)}) (3. d4 Nd7 4. g3 Ngf6 5.
Bg2 c6 6. e4 Be7 7. Ne2 O-O 8. O-O Re8 9. Nd2 Bf8 10. Re1 b5 11. a4 Bb7 12. c4
bxa4 13. bxa4 exd4 14. Nxd4 c5 15. Nf5 Ne5 16. Qc2 g6 17. f4 17... Nc6 {
Van Geet,D-Kavalek,L/Beverwijk 1967/MCD/1-0 (36)}) (3. d4 Nd7 4. Nf3 e4 5. Nfd2
f5 6. c4 Ngf6 7. Nc3 c6 8. Rc1 Be7 9. e3 O-O 10. Be2 a6 11. O-O d5 12. f4 Bd6
13. c5 Be7 14. b4 14... Kh8 {- Van Geet,D-Padevsky,N/Wijk aan Zee 1968/MCL (14)
}) 3... Nc6 4. d5 Nce7 5. e4 a6 6. a4 g6 7. Nd2 Bg7 8. f4 Nh6 9. Ngf3 Bg4 10.
Be2 f6 11. fxe5 fxe5 12. Ng5 Nxd5 13. exd5 Qxg5 14. O-O Qe3+ 15. Rf2 Rf8 16.
Nf3 Bd7 17. Qd2 {Silas,F-Anton,B/Perth 1994/EXT 98/1-0 (45)}) (2... f6 3. e3 d6
4. Nc3 Be6 5. d4 Nh6 6. Nf3 Be7 7. Bb5+ c6 8. Be2 Nf7 9. Na4 e4 10. Nd2 b5 11.
Nc3 d5 12. f3 f5 13. fxe4 fxe4 14. Bh5 g6 15. Bg4 Qd7 16. Bxe6 Qxe6 17. Qe2 {
Chrobak,G-Dede,E/Debrecen 1998/EXT 99/0-1 (29)}) (2... Nc6 $5 $11 {
ist bedenkenswert}) 3. Bxe5 (3. Bxe5 Nd7 4. Bb2 $14) 1-0

[Event "ICS Rated blitz match"]
[Site "204.178.125.65"]
[Date "1999.08.18"]
[Round "?"]
[White "Panthee"]
[Black "Hossa"]
[Result "1-0"]
[WhiteElo "2107"]
[BlackElo "2459"]
[Annotator "Fritz 5.32 (15s)"]
[PlyCount "35"]
[EventDate "1999.??.??"]

1. e4 1... e5 {Opening = C57 - 4.Ng5 d5 5.ed5 ---)} 2. Nf3 Nc6 3. Bc4 Nf6 4.
Ng5 d5 5. exd5 Nxd5 6. Nxf7 Kxf7 7. Qf3+ Ke6 8. Nc3 Ncb4 9. a3 Nxc2+ 10. Kd1
Nxa1 11. Nxd5 (11. Bxd5+ Ke7 12. d4 c6 13. Bg5+ {
1-0 Hricik,P-Balyo,K/SVK 1997/EXT 99 (13)}) 11... Kd6 $146 (11... c6 12. Nb6+
Kd6 13. Nxa8 Qf6 14. Qe3 Qg6 15. d3 Qxg2 16. Re1 Bg4+ 17. Kd2 Qxh2 18. d4 Qh6
19. dxe5+ Ke7 20. f4 Qh2+ 21. Re2 Bxe2 22. Qc5+ Kd8 23. Qd4+ Ke7 24. Qd6+ {
1-0 Mistry,P-Wilson,C/Auckland 1996/EXT 98 (24)}) 12. d4 {
Die Partie wird im Koenigsangriff beendet} 12... c6 $17 (12... Be6 13. Qe4 Kd7
14. Qxe5 Bxd5 15. Bxd5 Qf6 16. Qxf6 16... gxf6 $19) 13. Bf4 13... exf4 $4 $18 {
wirft den sicheren Gewinn weg} (13... Be6 14. Bxe5+ 14... Kd7 $11) 14. Qxf4+
Kd7 15. Re1 $1 {zementiert den Vorteil. Droht Matt} 15... Qa5 (15... Qb6 {
aendert nichts mehr} 16. Qf5+ Kd8 17. Qg5+ Kd7 18. Re7+ Kd8 19. Rxb7+ Ke8 20.
Nf6+ gxf6 21. Bf7+ Kd8 22. Qxf6+ Be7 23. Qxe7#) 16. Qf5+ Kd8 17. Qg5+ Be7 (
17... Kd7 {hilft allerdings auch nicht} 18. Re7+ Kd8 19. Rxb7+ Ke8 20. Nf6+
gxf6 21. Bf7+ Kd8 22. Qxa5#) 18. Qxe7# 1-0

[Event "ICS Rated blitz match"]
[Site "204.178.125.65"]
[Date "1999.08.18"]
[Round "?"]
[White "Hossa"]
[Black "Panthee"]
[Result "1-0"]
[WhiteElo "2431"]
[BlackElo "2135"]
[Annotator "Fritz 5.32 (15s)"]
[PlyCount "81"]
[EventDate "1999.??.??"]

1. e4 1... c5 {Opening = B92 - 6.Be2} 2. Nf3 d6 3. d4 cxd4 4. Nxd4 Nf6 5. Nc3
a6 6. Be2 e5 7. Nb3 Be7 8. O-O O-O 9. Be3 Be6 10. f4 exf4 11. Rxf4 Nc6 12. Nd5
Ne5 13. Bb6 Qd7 14. Qd4 Nxd5 15. exd5 Bf5 16. c4 16... Bg5 $146 (16... Rfe8 17.
Raf1 Bg6 18. h4 h6 19. Na5 f5 20. b4 h5 21. c5 Bf6 22. Qd1 dxc5 23. bxc5 Rac8
24. d6 Ng4 25. Bxg4 fxg4 26. Qd5+ Bf7 27. Qxb7 Qxb7 28. Nxb7 Bd5 29. d7 Bxb7
30. dxc8=Q Rxc8 31. Rxf6 gxf6 32. Rxf6 Kg7 33. Rf5 Re8 34. Rxh5 Re4 35. Rg5+
Kf6 36. Bd8+ Kf7 37. h5 Rd4 38. Ba5 Ra4 39. h6 {
1-0 Chandler,M-Sunye Neto,J/Amsterdam 1983/MCD (39)}) 17. Rf2 Bf6 18. Qd2 Bg4
19. Rff1 $15 (19. Bxg4 $5 {steht zur Diskussion} 19... Qxg4 20. Na5 $11) 19...
Rac8 $11 (19... Rfe8 20. Rad1 $15) 20. Bxg4 $15 (20. c5 Rfe8 21. Bxg4 Qxg4 22.
cxd6 22... Nc4 $15) 20... Qxg4 21. Rf4 $17 (21. c5 Nc4 22. Qf4 Qxf4 23. Rxf4
Ne3 24. Rxf6 gxf6 25. cxd6 25... Nxd5 $11) 21... Qg5 $15 (21... Qg6 22. Qf2 $17
) 22. c5 22... Qh6 {Mit der Absicht Bg5} 23. Qf2 {
Weiss erhaelt starke Initiative} (23. cxd6 $2 {geht nicht} 23... Bg5 24. Raf1
Nc4 (24... Bxf4 $6 25. Qxf4 Qxd6 26. Bd4 $19) 25. Rxc4 Bxd2 (25... Rxc4 $6 26.
Qe2 Ra4 27. a3 $19) 26. Nxd2 26... Qxd6 $19 (26... Qxd2 $6 27. Rxc8 Rxc8 28. d7
$19)) 23... Bg5 24. Re4 24... Nd3 $11 (24... Ng4 $1 $142 25. Qg3 25... Nf6 $19)
25. Qd4 25... Nxc5 $11 (25... dxc5 26. Bxc5 (26. Nxc5 $4 26... Qxb6 27. Qxd3
27... Rxc5 $19) 26... Nxc5 27. Nxc5 $15) 26. Bxc5 $15 (26. Nxc5 $5 {
ist eine gute Alternative} 26... dxc5 27. Bxc5 $11) 26... dxc5 27. Nxc5 27...
Rce8 $11 (27... Qd6 $5 28. Nb3 28... Rc2 $17) 28. Rae1 Rxe4 29. Nxe4 Bf4 30. g3
30... Bd6 {Der schwarze Laeufer blockiert den Bauern d5} 31. Qb6 31... Re8 $4
$18 (31... Be5 $142 {war die einzige Moeglichkeit, noch zu kaempfen} 32. Qxh6
32... gxh6 $14) 32. Nf6+ $3 {ein folgerichtiges Opfer} 32... gxf6 33. Rxe8+ Bf8
34. Qxb7 (34. Qc5 $1 $18 $142 {damit wuerde Weiss es sich noch erleichtern})
34... Qc1+ 35. Kg2 Qc2+ 36. Kf1 Qd3+ 37. Ke1 Kg7 (37... Qb1+ 38. Kd2 Qxa2 39.
Re4 $18) 38. Qb8 Bc5 (38... Qxd5 39. a3 Bd6 40. Rg8+ 40... Kh6 $18) 39. Rg8+
39... Kh6 {Wenn Schwarz nun zu Qe3 kommt, geht es ihm besser} 40. Qf4+ Kh5 41.
Qh4# 1-0

[Event "ICS Rated blitz match"]
[Site "204.178.125.65"]
[Date "1999.08.18"]
[Round "?"]
[White "Panthee"]
[Black "Hossa"]
[Result "0-1"]
[WhiteElo "2130"]
[BlackElo "2436"]
[Annotator "Fritz 5.32 (15s)"]
[PlyCount "46"]
[EventDate "1999.??.??"]

1. e4 1... e5 {Opening = C41 - 2.Nf3 d6} 2. Nf3 d6 3. d4 exd4 4. Qxd4 Ne7 5.
Nc3 $146 (5. Be3 Nbc6 6. Qd2 Ng6 7. Nc3 Be7 8. O-O-O O-O 9. h4 Nge5 10. Nd5 a5
11. Nxe5 dxe5 12. f4 Be6 13. f5 Bxd5 14. Qxd5 Nb4 15. Qxd8 Rfxd8 16. Rxd8+ Rxd8
17. a3 Nc6 18. c3 Nb8 19. Kc2 19... Nd7 {
Romanishin,O-Lutikov,A/URS 1979/MCD/1-0 (44)}) (5. Bg5 Nbc6 6. Qc3 (6. Qd2 f6
7. Bh4 Ng6 8. Bg3 Bg4 9. Nd4 Nxd4 10. Qxd4 Qd7 11. h3 Be6 12. f4 f5 13. Nc3 Ne7
14. Bb5 c6 15. Be2 fxe4 16. Bh5+ Kd8 17. Qxe4 Nf5 18. Bf2 d5 19. Qe2 g6 20. Bf3
20... Bg7 {Andersen,I-Hartung Nielsen,J/Hillerod 1980/MCD/0-1 (77)}) 6... f6 7.
Bh4 Ng6 8. Nbd2 Nxh4 9. Nxh4 Qe7 10. O-O-O g6 11. f4 Bd7 12. f5 g5 13. Nhf3 g4
14. Nd4 Bh6 15. Bc4 Qe5 16. Ne2 O-O-O 17. Qxe5 Nxe5 18. Bb3 Bg5 19. Kb1 19...
h5 {Kashtanov,R-Ivanov,V/St. Petersburg 1998/EXT 99/ - (55)}) 5... Nbc6 6. Bb5
a6 7. Bxc6+ Nxc6 8. Qd3 Be7 9. Be3 Bg4 10. Nd4 Ne5 11. Qd2 O-O 12. f3 c5 (12...
Nc4 13. Qe2 Nxe3 14. Qxe3 Bh4+ 15. g3 $11) 13. Nde2 $17 (13. fxg4 $5 $142 {
muss unbedingt geprueft werden} 13... cxd4 14. Bxd4 Bh4+ 15. Bf2 $11) 13...
Bxf3 {Schwarz entwickelt eine toedliche Initiative} 14. O-O-O $2 $19 (14. O-O
Nc4 15. Qd3 Nxb2 16. Qd5 Bxe2 17. Nxe2 $19) 14... Bxg2 15. Rhg1 Nf3 16. Qd3
Nxg1 17. Rxg1 c4 18. Qd5 Bh3 19. Bh6 $19 (19. Qh5 Be6 20. Bh6 g6 21. Bxf8 21...
Bxf8 $19 (21... Kxf8 22. Qxh7 Bf6 23. Nf4 $14)) 19... Bf6 20. Qh5 20... Bf1 $4
$18 {und raufte sich die Haare} (20... Kh8 $142 {
und die Waage neigt sich zugunsten von Schwarz} 21. Qxh3 gxh6 22. Qxh6 Rg8 23.
Rxg8+ 23... Kxg8 $19) 21. Nf4 $19 (21. Bxg7 Bg2 22. Rxg2 Bg5+ 23. Rxg5 Qxg5+
24. Qxg5 f6 25. Bxf6+ Kf7 26. Qg7+ Ke6 27. Nd4#) 21... Qb6 $1 {
ist die Ueberraschung!} 22. Rxg7+ $4 $19 {vergroessert seine Probleme.} (22.
Rg3 Qf2 23. Nfd5 Bxc3 24. bxc3 $11) 22... Bxg7 23. Bxg7 (23. Qg5 {
koennte noch eine geringe Chance darstellen} 23... Qe3+ 24. Kd1 Qd4+ 25. Ke1
$19) 23... Qg1 $1 {die Pointe} (23... Qg1 24. Qh6 Qxg7 25. Qxg7+ 25... Kxg7 $19
) (23... Kxg7 $6 {ist sichtlich schwaecher} 24. Qg5+ Kh8 25. Qf6+ Kg8 26. Nfd5
$14) 0-1